000 00608nam a2200193Ia 4500
005 20230417115840.0
008 131103s9999 xx 000 0 und d
040 _aLoreto College
041 _aEnglish
082 _a823.6
_bSTE- PET
100 _aSterne,Laurence
245 4 _aThe life and opinions of Tristram Shandy gentleman
_cLaurence Sterne; edited by Graham Petric; with an introduction by Christopher Ricks
260 _aHarmoundsworth
_bPenguin Books
_c1967
300 _a662 p.
504 _aIncludes biblioghical references
700 _aPetric,Graham,ed.
850 _aLCLIB
942 _cBK
999 _c5700
_d56179